Federico Herrero : (Record no. 968)

MARC details
000 -LEADER
campo de control de longitud fija 00739nam a22002297a 4500
008 - DATOS DE LONGITUD FIJA--INFORMACIÓN GENERAL
campo de control de longitud fija 160625s2006 gw||||| |||| 00| 0 eng d
020 ## - NÚMERO INTERNACIONAL ESTÁNDAR DEL LIBRO
Número Internacional Estándar del Libro 9783932729133
082 ## - NÚMERO DE LA CLASIFICACIÓN DECIMAL DEWEY
Número de clasificación 759.972.86
Número de ítem H565o
100 ## - ENTRADA PRINCIPAL--NOMBRE DE PERSONA
Nombre de persona Herrero, Federico.
9 (RLIN) 3626
245 10 - MENCIÓN DEL TÍTULO
Título Federico Herrero :
Resto del título el oficio de pintar /
Mención de responsabilidad, etc. Federico Herrero ; entrevista por Jens Hoffmann.
246 01 - FORMA VARIANTE DEL TITULO
Título propio/Titulo breve Federico Herrero :
Resto del título das büro des künstlers.
250 ## - MENCION DE EDICION
Mención de edición 1a ed.
260 ## - PUBLICACIÓN, DISTRIBUCIÓN, ETC.
Lugar de publicación, distribución, etc. Alemania :
Nombre del editor, distribuidor, etc. Seis + Höke,
Fecha de publicación, distribución, etc. 2006.
300 ## - DESCRIPCIÓN FÍSICA
Extensión [28 p.]
Otras características físicas il. col.
653 10 - TÉRMINO DE INDIZACIÓN--NO CONTROLADO
Término no controlado Arte contemporáneo
653 10 - TÉRMINO DE INDIZACIÓN--NO CONTROLADO
Término no controlado Arte costarricense
653 10 - TÉRMINO DE INDIZACIÓN--NO CONTROLADO
Término no controlado Arte-Costa Rica
653 10 - TÉRMINO DE INDIZACIÓN--NO CONTROLADO
Término no controlado Artistas costarricenses
653 10 - TÉRMINO DE INDIZACIÓN--NO CONTROLADO
Término no controlado Pintura
653 10 - TÉRMINO DE INDIZACIÓN--NO CONTROLADO
Término no controlado Arte urbano
700 1# - ENTRADA AGREGADA--NOMBRE PERSONAL
Nombre de persona Hoffmann, Jens.
Término indicativo de función/relación entrevistador.
9 (RLIN) 5274
Holdings
Estatus retirado Estado de pérdida Fuente del sistema de clasificación o colocación Estado de daño No para préstamo Biblioteca de origen Biblioteca actual Ubicación en estantería Fecha de adquisición Total de préstamos Signatura topográfica completa Código de barras Visto por última vez Precio de reemplazo Tipo de ítem Koha
    Clasificación Decimal Dewey     Biblioteca LadoV Biblioteca LadoV   25/06/2016   759.972.86 H565o 000831 25/06/2016 25/06/2016 Material 01